000
00309 a2200145 4500
001
180394
020
_a
040
_c
Magnum
100
_a
Franchi, Anna Et. Al
240
1
0
_a
Geometria no 1 grau
_l
por
245
1
0
_a
Geometria no 1 grau
362
0
_a
1899
697
_a
MAGNITO: PARADIDATICO
942
_c
BK
999
_c
180394
_d
180394